| 000 | 00834cam a22002773a 4500 | ||
|---|---|---|---|
| 001 | 528 | ||
| 003 | PGUSA | ||
| 005 | 20140828082949.0 | ||
| 008 | 060318s2006||||xxu|||||s|||||000 1 eng d | ||
| 040 |
_aPGUSA _beng |
||
| 042 | _adc | ||
| 050 | 4 | _aPZ | |
| 050 | 4 | _aPS | |
| 100 | 1 |
_aAlger, Horatio, _d1832-1899 |
|
| 245 | 1 | 0 |
_aJoe the Hotel Boy; Or, Winning out by Pluck _h[electronic resource] / _cHoratio Alger |
| 260 |
_bProject Gutenberg, _c2006 |
||
| 506 | _aPublic domain in the USA. | ||
| 516 | _aElectronic text | ||
| 653 | _aHotels, motels, etc. -- Fiction | ||
| 653 | _aSwindlers and swindling -- Fiction | ||
| 653 | _aConduct of life -- Fiction | ||
| 653 | _aPennsylvania -- History -- 19th century -- Fiction | ||
| 830 | 0 |
_aProject Gutenberg _v528 |
|
| 856 | 4 | 0 | _uhttp://www.gutenberg.org/ebooks/528 |
| 942 | _cEB | ||
| 999 |
_c229879 _d229879 |
||